El dictado de las estrellas.

Coincidencias en las observaciones astronómicas de los pueblos antiguos. El "caracol" de Chinchen-Itzá. Mayas: juego de la pelota. La cuenta del tiempo: calendario maya. Observaciones de los pieles rojas: observatorio solar.

Guardado en:
Formato: Deslizar
Series:Astronomía sin telescopio
Materias:
Etiquetas: Agregar Etiqueta
Sin Etiquetas, Sea el primero en etiquetar este registro!
LEADER 00950ngm a22002415g 4500
001 CEM.cems022081
008 130507b1994##################0###0#####d
005 20241003161224.0
245 0 0 |a El dictado de las estrellas. 
300 |a 26'. 
490 0 |a Astronomía sin telescopio 
500 |a En soporte VHS, consultar en ventanilla. 
520 |a Coincidencias en las observaciones astronómicas de los pueblos antiguos. El "caracol" de Chinchen-Itzá. Mayas: juego de la pelota. La cuenta del tiempo: calendario maya. Observaciones de los pieles rojas: observatorio solar. 
538 |a Soporte: VHS - Norma: Pal N - Color - Grabación DRD 1994 - Hitachi=4125 
082 5 2 |/ JUT 
653 |a ASTRONOMIA 
653 |a CHiCHEN-ITZA 
653 |a MAYAS 
653 |a CALENDARIO MAYA 
653 |a PIELES ROJAS 
653 |a OBSERVATORIO SOLAR 
653 |a NIVEL SECUNDARIO 
859 |a CEMS  |b BIB. CEMS - Depto. Recursos Didacticos  |h 520  |i JUT  |k DRD  |p 724.12  |t Ej.1